Le Quizz du Gigoteur - Statistiques

Statistiques générales
  • Ce quiz a été pris 5 fois
  • Le résultat moyen est 182 sur 239
Statistiques - réponses
Réponse % Correct
1v1
100%
A
100%
a
100%
à
100%
Abdoul
100%
blaze
100%
Bob
100%
ça
100%
c'est
100%
Chimère
100%
cool
100%
coup
100%
couz'
100%
Dans
100%
dans
100%
d'boule
100%
de
100%
des
100%
Des
100%
en
100%
je
100%
j'te
100%
J'te
100%
100%
la
100%
Le
100%
le
100%
ma
100%
Mais
100%
même
100%
Même
100%
met
100%
Mimiqui
100%
on
100%
On
100%
ou
100%
pas
100%
pokémons
100%
prend
100%
prends
100%
région
100%
roule ?
100%
sa
100%
sait
100%
Si
100%
si
100%
Silvallié
100%
ta
100%
t'a
100%
tatane
100%
te
100%
t'es
100%
T'es
100%
tes
100%
toi
100%
ton
100%
Ton
100%
tu
100%
Tu
100%
Ultra
100%
un
100%
voles
100%
y
100%
aller
67%
alors
67%
Archéduc
67%
Bazoucan
67%
boss
67%
botte
67%
bouge
67%
Bourrinos
67%
cherches
67%
chill
67%
choisi
67%
chtarbé !
67%
complètement
67%
courtois
67%
cred'
67%
dis
67%
d'la
67%
d'Trop
67%
Elsa-Mina
67%
est
67%
et
67%
Et
67%
Gigoteur
67%
glissade
67%
Guzma
67%
Haute
67%
"Hey
67%
Il
67%
il
67%
J'crois
67%
j'les
67%
j'me
67%
j'men
67%
j'suis
67%
l'minable !"
67%
maintenance
67%
maintenant
67%
mis
67%
moi
67%
Montagne
67%
montagne
67%
par
67%
pe-ra
67%
peu
67%
pour
67%
Quand
67%
que
67%
qui
67%
qu't'es
67%
ramener
67%
rat
67%
Rattata ?
67%
restera
67%
reveux
67%
Sarmurai
67%
Sbire
67%
sera
67%
serais
67%
street
67%
T'as
67%
t'as
67%
team
67%
Team
67%
t'en
67%
t'la
67%
t'mets
67%
t'prends
67%
viens
67%
v'la
67%
Vorastérie
67%
Vu
67%
yo
67%
zyva
67%
aucune
33%
battre
33%
bosses
33%
castagne
33%
cendres
33%
comme
33%
contact
33%
contrat
33%
débarques
33%
déconseille
33%
donc
33%
Flamiaou
33%
flow
33%
j'vais
33%
Lâche
33%
légendaires
33%
l'groupe
33%
logo
33%
mort
33%
ne
33%
Paradis
33%
pauvre
33%
plus
33%
pov'type !
33%
propre
33%
psy
33%
qu'un
33%
redescendre :
33%
route
33%
Sans
33%
SDF
33%
Sélène
33%
Skull
33%
Soporifik
33%
sous
33%
Sucreine
33%
t'aider
33%
tête
33%
T'façon
33%
tout
33%
type !
33%
une
33%
envoies
0%
m'les
0%
Aucun quiz correspondant
Distribution des résultats
% des personnes avec chaque résultat
Percentile par nombre de réponses
Votre historique - résultats
Vous n’avez pas pris ce quiz